000 00309nam a2200121Ia 4500
008 231129s1972||||xx |||||||||||||| ||spa||
082 _a987.02 R741o
100 _aRojas Aristides
245 0 _aOrigenes venezolanos : Estudios historicos
260 _c1972
264 _aImprenta Nacional
942 _2ddc
_cBKS
999 _c22197
_d22197